000 00504nam a22001577a 4500
005 20251108164740.0
008 250721s1993 xx 000 0 ara d
082 1 4 _a810.9/شكر
100 1 _aشكري، غالي
245 1 0 _aالعنقاء الجديدة :
_bصراع الأجيال في الأدب المعاصر /
264 1 _aالقاهرة :
_bالهيئة المصرية العامة،
_c1993.
300 _a278 ص.
650 1 7 _aالأدب العربي
942 _2ddc
_cBK
999 _c13396
_d13396